Hướng dẫn thực hành Thiết kế lắp đặt điện nhà /
Nội dung cuốn sách" Hướng dẫn thực hành Thiết kế lắp đặt điện nhà " gồm 2 phần chính : lý thuyết cơ sở và hướng dẫn thực hành.Phần 1 là lý thuyết cơ sở,gồm 9 chương trình bày về an toàn điện,vật liệu và khí cụ điện.Ph...
Tallennettuna:
| Päätekijä: | |
|---|---|
| Aineistotyyppi: | Kirja |
| Kieli: | Vietnamese |
| Julkaistu: |
H. :
Khoa học và Kỹ thuật ,
2011
|
| Aiheet: | |
| Tagit: |
Lisää tagi
Ei tageja, Lisää ensimmäinen tagi!
|
| Thư viện lưu trữ: | Thư viện Trường CĐ Kỹ Thuật Cao Thắng |
|---|
| LEADER | 01317nam a2200229 a 4500 | ||
|---|---|---|---|
| 001 | TVCDKTCT91749 | ||
| 003 | TVCĐKTCT | ||
| 005 | 20170531090029.6 | ||
| 008 | 170531syyyy vn | ||
| 980 | \ | \ | |a Thư viện Trường CĐ Kỹ Thuật Cao Thắng |
| 024 | |a RG_1 #1 eb0 i1 | ||
| 041 | 0 | # | |a vie |
| 082 | # | # | |a 621.3 |b H561D |
| 100 | 1 | # | |a Trần Duy Phụng |
| 245 | 1 | 0 | |a Hướng dẫn thực hành Thiết kế lắp đặt điện nhà / |c Trần Duy Phụng |
| 260 | # | # | |a H. : |b Khoa học và Kỹ thuật , |c 2011 |
| 300 | |a 198tr. ; |c 24 cm | ||
| 520 | # | # | |a Nội dung cuốn sách" Hướng dẫn thực hành Thiết kế lắp đặt điện nhà " gồm 2 phần chính : lý thuyết cơ sở và hướng dẫn thực hành.Phần 1 là lý thuyết cơ sở,gồm 9 chương trình bày về an toàn điện,vật liệu và khí cụ điện.Phần 2 là phần hướng dẫn thực hành gồm 28 phiếu hướng dẫn mỗi phiếu hướng dẫn một nội dung thực hành cụ thể. |
| 541 | # | # | |a Mua |
| 650 | # | 4 | |a Điện |
| 650 | # | 4 | |a Thiết kế lắp đặt điện |
| 841 | # | # | |b Kho Sách |j 100048955, 100048971, 100048973 |